Largest Lakes in Canada - Statistics

General Stats
  • This quiz has been taken 41 times
  • The average score is 10 of 15
Answer Stats
Size km^2 Provinces Lake % Correct
25,700 Ontario Lake Erie
97%
18,960 Ontario Lake Ontario
97%
59,600 Ontario Lake Huron
94%
82,100 Ontario Lake Superior
94%
28,568 Northwest Territories Great Slave Lake
92%
31,328 Northwest Territories Great Bear Lake
86%
24,387 Manitoba Lake Winnipeg
83%
4,624 Manitoba Lake Manitoba
64%
7,935 Saskatchewan/Alberta Lake Athabasca
61%
6,650 Saskatchewan/Manitoba Reindeer Lake
53%
4,848 Ontario Lake Nipigon
47%
4,350 Ontario/Manitoba Lake of the Woods
47%
6,527 Newfoundland and Labrador Smallwood Reservoir
33%
5,374 Manitoba Lake Winnipegosis
14%
5,542 Nunavut Nettilling Lake
14%
No matching quizzes found
Score Distribution
Percent of People with Each Score
Percentile by Number Answered
Your Score History
You have not taken this quiz